[Event "Big Slow Lazy Tourney -  Dutch Style"]
[Site "SchemingMind.com"]
[Date "2020.04.26"]
[Round "-"]
[White "Uzi Mike"]
[Black "AussieMossie"]
[Result "0-1"]
[WhiteCountry "USA"]
[BlackCountry "AUS"]
[WhiteElo "2339"]
[WhiteRD "81"]
[BlackElo "2578"]
[BlackRD "72"]
[GameID "454233"]

1. d4 f5 2. Bg5 g6 3. e3 Bg7 4. Nc3 c6 5. Nf3 Nf6 6. Bd3 d5 7. O-O Be6 8. Ne2 Ne4 9. Bh4 Nd7 10. b3 O-O
11. c4 h6 12. Rc1 g5 13. Bg3 Qe8 14. Nd2 Rd8 15. Qe1 dxc4 16. Nxc4 Bxc4 17. Bxc4+ e6 18. Bc7 Rc8 19. Ba5 Nb6 20. Bxb6 axb6
21. a4 Qe7 22. f3 Nf6 23. Qd2 Kh8 24. Kh1 Rcd8 25. Qd3 Ne8 26. f4 g4 27. b4 Nf6 28. Qb3 Rfe8 29. Rfe1 Rc8 30. Kg1 h5
31. Nc3 h4 32. Kh1 Rcd8 33. Qb2 c5 34. bxc5 bxc5 35. Nb5 b6 36. Kg1 h3 37. Qe2 Bh6 38. g3 Bg7 39. Rc2 Rc8 40. dxc5 Rxc5
41. Rd1 Ra8 42. Nd6 Rxa4 43. Rcd2 Rb4 44. Qd3 b5 45. Ba2 Ra4 46. Qe2 Bf8 47. Bb3 Ra3 48. Rd3 Ra6 49. Qb2 Bg7 50. Qe2 Rcc6
51. Nxb5 Ne4 52. Nd4 Rd6 53. Nb5 Rxd3 54. Qxd3 Kh7 55. Bc4 Qc5 56. Bb3 Qb6 57. Bc4 Ra4 58. Nd4 Kg6
0-1

[Event "Big Slow Lazy Tourney -  Dutch Style"]
[Site "SchemingMind.com"]
[Date "2020.05.08"]
[Round "-"]
[White "Randy Bahr"]
[Black "AussieMossie"]
[Result "0-1"]
[WhiteCountry "USA"]
[BlackCountry "AUS"]
[WhiteElo "1729"]
[WhiteRD "70"]
[BlackElo "2534"]
[BlackRD "73"]
[GameID "454784"]

1. d4 f5 2. g3 Nf6 3. Bg2 g6 4. c3 Nc6 5. Nd2 d6 6. e4 e5 7. Ne2 fxe4 8. Nxe4 Nxe4 9. Bxe4 Bg7 10. O-O O-O
11. dxe5 Nxe5 12. Bxb7 Bxb7 13. Qb3+ d5 14. Qxb7 Qd7 15. Nf4 Rad8 16. Qxa7 g5 17. Nxd5 Nf3+
0-1

[Event "Big Slow Lazy Tourney -  Dutch Style"]
[Site "SchemingMind.com"]
[Date "2020.05.08"]
[Round "-"]
[White "Randy Bahr"]
[Black "Uzi Mike"]
[Result "0-1"]
[WhiteCountry "USA"]
[BlackCountry "USA"]
[WhiteElo "1774"]
[WhiteRD "69"]
[BlackElo "2226"]
[BlackRD "78"]
[GameID "454785"]

1. d4 f5 2. g3 e6 3. Bg2 Nf6 4. c4 Nc6 5. Nf3 Bb4+ 6. Bd2 Bxd2+ 7. Nbxd2 d6 8. O-O O-O 9. Qb3 e5 10. c5+ Kh8
11. cxd6 cxd6 12. dxe5 dxe5 13. Rfd1 Qe7 14. Qc3 e4 15. Nd4 Nxd4 16. Qxd4 Rd8 17. Qc3 Nd5 18. Qc1 Be6 19. b3 Qf6 20. Bf1 Rac8
21. Qa3 Nc3 22. Nxe4 fxe4 23. Rxd8+ Qxd8 24. Rc1 e3 25. Qb2 Nd1 26. Rxc8 exf2+
0-1

[Event "Big Slow Lazy Tourney -  Dutch Style"]
[Site "SchemingMind.com"]
[Date "2020.05.10"]
[Round "-"]
[White "Mihir Chandrashekhar"]
[Black "Uzi Mike"]
[Result "0-1"]
[WhiteCountry "IND"]
[BlackCountry "USA"]
[WhiteElo "1733"]
[WhiteRD "65"]
[BlackElo "2215"]
[BlackRD "78"]
[GameID "454998"]

1. d4 f5 2. c4 e6 3. g3 Nf6 4. Bg2 Bb4+ 5. Bd2 Bxd2+ 6. Qxd2 Nc6 7. Nc3 d5 8. Nf3 dxc4 9. O-O O-O 10. Rfe1 Rb8
11. e4 b5 12. exf5 exf5 13. d5 Nb4 14. Ne5 Ng4 15. Nxg4 fxg4 16. Be4 Bf5 17. a3 Nd3 18. Bxd3 cxd3 19. Re5 Qd6 20. Rae1 b4
21. axb4 Qxb4 22. Rxf5 Rxf5 23. Qxd3 Rf3
0-1

[Event "Big Slow Lazy Tourney -  Dutch Style"]
[Site "SchemingMind.com"]
[Date "2020.05.10"]
[Round "-"]
[White "AussieMossie"]
[Black "Mihir Chandrashekhar"]
[Result "1-0"]
[WhiteCountry "AUS"]
[BlackCountry "IND"]
[WhiteElo "2516"]
[WhiteRD "73"]
[BlackElo "1776"]
[BlackRD "78"]
[GameID "454999"]

1. d4 f5 2. Nf3 Nf6 3. g3 e6 4. Bg2 d5 5. O-O Bd6 6. c4 c6 7. Nc3 O-O 8. Qc2 Nbd7 9. Ng5 Qe8 10. cxd5 cxd5
11. Nb5 Bb8 12. Bf4 a6 13. Nd6
1-0

[Event "Big Slow Lazy Tourney -  Dutch Style"]
[Site "SchemingMind.com"]
[Date "2020.05.10"]
[Round "-"]
[White "Mihir Chandrashekhar"]
[Black "Randy Bahr"]
[Result "1/2-1/2"]
[WhiteCountry "IND"]
[BlackCountry "USA"]
[WhiteElo "1717"]
[WhiteRD "66"]
[BlackElo "1774"]
[BlackRD "69"]
[GameID "455000"]

1. d4 f5 2. c4 Nf6 3. g3 c6 4. Nc3 g6 5. Bg2 Bg7 6. Nf3 d6 7. O-O O-O 8. Bg5 h6 9. Bxf6 Bxf6 10. e4 Na6
11. Qd2 Kh7 12. Rfe1 fxe4 13. Nxe4 Nc7 14. Nxf6+ exf6 15. Re2 d5 16. c5 Bg4 17. Rae1 Re8 18. Rxe8 Nxe8 19. h3 Bf5 20. Nh4 Ng7
21. g4 Be6 22. Qd3 f5 23. Nxg6 Kxg6 24. Rxe6+ Nxe6 25. Qxf5+ Kg7 26. Qxe6 Qf8 27. Qd7+ Qf7 28. Qxf7+ Kxf7 29. f4 Kf6 30. Kf2 Re8
31. Bf3 a5 32. h4 Re7 33. a3 a4 34. g5+ hxg5 35. fxg5+ Kf5 36. Bd1 Kf4 37. g6 Kf5 38. h5 Kg5 39. Bg4 Kh6 40. Bf3 Re8
41. Kg3 Kg5 42. Kf2=
1/2-1/2

[Event "Big Slow Lazy Tourney -  Dutch Style"]
[Site "SchemingMind.com"]
[Date "2020.05.20"]
[Round "-"]
[White "Uzi Mike"]
[Black "The Stonewall"]
[Result "1/2-1/2"]
[WhiteCountry "USA"]
[BlackCountry "ENG"]
[WhiteElo "2366"]
[WhiteRD "75"]
[BlackElo "2482"]
[BlackRD "78"]
[GameID "455227"]

1. d4 f5 2. Bg5 g6 3. Nc3 Bg7 4. e3 Nf6 5. Nf3 d5 6. Bf4 c6 7. Bd3 O-O 8. O-O e6 9. Ne2 b6 10. c4 Nbd7
11. Qb3 Bb7 12. Nc3 Qe7 13. Rac1 Rfc8 14. Bg5 h6 15. Bxf6 Nxf6 16. cxd5 exd5 17. Ne5 Kh7 18. Rfd1 c5 19. Qa4 c4 20. Bb1 a6
21. Ne2 Ne4 22. f4 Nf6 23. Qc2 Qe6 24. Ng3 b5 25. Qe2 Ne4 26. Bxe4 dxe4 27. Qd2 Bd5 28. Ne2 Rab8 29. Nc3 Ba8 30. Rc2 Bf6
31. Qe2 Rd8 32. Qe1 Rbc8 33. Ne2 Bb7 34. Rdc1 Be7 35. Qd2 Qb6 36. Qe1 Bd5 37. Nc3 Bb7 38. a4 Rg8 39. Ra1 Rg7 40. Qf2 Bd6
41. Qf1 Bb8 42. Ne2 Bc7= 43. Nc3 Bb8 44. axb5 axb5 45. Kh1 Bc7 46. Kg1 Bb8 47. Rb1 Qa5 48. Re1 Qb6 49. Ra1 Bc7 50. Kh1 Bb8
51. Rcc1 Bd6 52. Ra2 Be7 53. Kg1=
1/2-1/2

[Event "Big Slow Lazy Tourney -  Dutch Style"]
[Site "SchemingMind.com"]
[Date "2020.05.20"]
[Round "-"]
[White "The Stonewall"]
[Black "Mihir Chandrashekhar"]
[Result "1-0"]
[WhiteCountry "ENG"]
[BlackCountry "IND"]
[WhiteElo "2427"]
[WhiteRD "86"]
[BlackElo "1717"]
[BlackRD "66"]
[GameID "455228"]

1. d4 f5 2. Nf3 Nf6 3. g3 e6 4. Bg2 d5 5. O-O c5 6. c4 Nc6 7. cxd5 exd5 8. Nc3 Be6 9. Bf4 cxd4 10. Nxd4 Nxd4
11. Qxd4 Bd6 12. Nb5 Bxf4 13. Qxf4 O-O 14. Nc7 Nh5 15. Qe5
1-0

[Event "Big Slow Lazy Tourney -  Dutch Style"]
[Site "SchemingMind.com"]
[Date "2020.05.20"]
[Round "-"]
[White "AussieMossie"]
[Black "The Stonewall"]
[Result "1/2-1/2"]
[WhiteCountry "AUS"]
[BlackCountry "ENG"]
[WhiteElo "2512"]
[WhiteRD "75"]
[BlackElo "2477"]
[BlackRD "82"]
[GameID "455229"]

1. d4 f5 2. Nf3 Nf6 3. g3 e6 4. Bg2 Be7 5. O-O O-O 6. c4 d6 7. Nc3 Ne4 8. Nxe4 fxe4 9. Nd2 d5 10. f3 Nc6
11. fxe4 Rxf1+ 12. Bxf1 Nxd4 13. cxd5 exd5 14. Nb3 Nxb3 15. Qxb3 c6 16. Bg2 Be6 17. Be3 b6 18. Rc1 Qd7 19. exd5 cxd5 20. Bd4 Bg5
21. Rf1 Rc8 22. a3 Re8 23. Qd3 Bg4 24. e3 Be6 25. b4 Rc8 26. Bb2 Re8 27. Rc1 Bf7 28. Bd4 Rc8 29. Rf1 Re8 30. Qb3 Rc8
31. Qa2 Re8 32. Kh1 Be6 33. Qb3 Rf8 34. Rd1 Rf2 35. Kg1 Qf7 36. Qd3 h5 37. Rf1 Rxf1+ 38. Qxf1 Qxf1+ 39. Kxf1 Kf7 40. Ke2 h4
41. gxh4 Bxh4 42. Kd3 Be7 43. Bf3 g6 44. Kc3 Bd6 45. h4 Bg3 46. h5 gxh5 47. Bxh5+ Ke7 48. Bh8 Be1+ 49. Kd3 Bf5+ 50. Ke2 Bg3
51. Kd2 Kd6 52. Bd4 Be5 53. Be2 Bxd4 54. exd4 Ke6=
1/2-1/2

[Event "Big Slow Lazy Tourney -  Dutch Style"]
[Site "SchemingMind.com"]
[Date "2020.05.15"]
[Round "-"]
[White "The Stonewall"]
[Black "Randy Bahr"]
[Result "1-0"]
[WhiteCountry "ENG"]
[BlackCountry "USA"]
[WhiteElo "2422"]
[WhiteRD "87"]
[BlackElo "1736"]
[BlackRD "70"]
[GameID "455230"]

1. d4 f5 2. Nf3 Nf6 3. g3 b6 4. Bg2 Bb7 5. O-O g6 6. c4 Bg7 7. Nc3 Ne4 8. Nxe4 Bxe4 9. Be3 O-O 10. Qd2 d6
11. Ng5 Bxg2 12. Kxg2 Qc8 13. d5 Nd7 14. Ne6 Rf7 15. Rab1 Nf8 16. Nxg7 Kxg7 17. Bd4+ Kg8 18. f4 a5 19. e4 c5 20. Bc3 fxe4
21. Rbe1 e6 22. Rxe4 e5 23. fxe5 Rxf1 24. Kxf1 dxe5 25. Rxe5 Qh3+ 26. Ke1 Nd7 27. Re7 Rf8 28. Rg7+
1-0

[Event "Big Slow Lazy Tourney -  Dutch Style"]
[Site "SchemingMind.com"]
[Date "2020.05.26"]
[Round "-"]
[White "Robert Bruce"]
[Black "AussieMossie"]
[Result "1/2-1/2"]
[WhiteCountry "SCO"]
[BlackCountry "AUS"]
[WhiteElo "2386"]
[WhiteRD "64"]
[BlackElo "2553"]
[BlackRD "68"]
[GameID "455483"]

1. d4 f5 2. g3 Nf6 3. Bg2 g6 4. Nf3 Bg7 5. O-O O-O 6. b3 b6 7. Ne5 Ne4 8. f3 Nd6 9. c4 Bb7 10. Nc3 Nc6
11. f4 Nxe5 12. dxe5 Bxg2 13. Kxg2 Nf7 14. Bb2 d6 15. e6 Nh6 16. Qd2 Qc8 17. Nd5 Re8 18. Bxg7 Kxg7 19. Qc3+ Kg8 20. Qf3 c6
21. Nb4 Qxe6 22. Nxc6 Ng4 23. Nd4 Qe3 24. h3 Qxd4 25. hxg4 fxg4 26. Qxg4 e5 27. Rad1 Qe4+ 28. Kh3 exf4 29. Rxf4 Qe6 30. e3 Rad8
31. Rd3 Kg7 32. Kg2 Qe5 33. Qe2 Rd7 34. Qd2 Re6 35. e4 Rf7 36. Rd5 Qa1 37. Qd4+ Qxd4 38. Rxd4 Ref6 39. Kf3 g5 40. Rf5=
1/2-1/2

[Event "Big Slow Lazy Tourney -  Dutch Style"]
[Site "SchemingMind.com"]
[Date "2020.05.26"]
[Round "-"]
[White "The Stonewall"]
[Black "Robert Bruce"]
[Result "1-0"]
[WhiteCountry "ENG"]
[BlackCountry "SCO"]
[WhiteElo "2498"]
[WhiteRD "80"]
[BlackElo "2386"]
[BlackRD "64"]
[GameID "455484"]

1. d4 f5 2. g3 Nf6 3. Bg2 g6 4. Nh3 Nc6 5. O-O Bg7 6. c3 O-O 7. Nf4 e6 8. Nd3 d6 9. Nd2 e5 10. Bxc6 bxc6
11. dxe5 dxe5 12. Nxe5 Re8 13. Nxc6 Qd7 14. Nb4 f4 15. Nf3 fxg3 16. hxg3 Rb8 17. Qxd7 Nxd7 18. Re1 Nb6 19. Nc6 Rb7 20. Rd1 Bh3
21. Rd8 Rxd8 22. Nxd8 Rb8 23. Nc6 Re8 24. e3 Bd7 25. Nfd4 Nc4 26. b3 Ne5 27. Nxe5 Rxe5 28. f4 Rh5 29. Bd2 g5 30. Be1 Be8
31. Rd1 gxf4 32. gxf4 Bd7 33. Kg2 Ra5 34. a4 Rd5 35. e4 Bg4 36. Rd2 Rd8 37. Nc6 Rf8 38. Kg3 h5 39. Rd5 Kh7 40. Nxa7 Re8
41. e5 Rg8 42. Rc5 Bh6 43. Rxc7+ Kh8 44. c4 Rf8 45. Bc3 Kg8 46. Nc6 Bxf4+ 47. Kh4 Rf7 48. Rxf7 Kxf7 49. b4 Bd7 50. b5 Bg4
51. b6 Be3 52. e6+ Kxe6 53. b7 Bf4 54. Be5 Bf3 55. Bxf4
1-0

[Event "Big Slow Lazy Tourney -  Dutch Style"]
[Site "SchemingMind.com"]
[Date "2020.05.26"]
[Round "-"]
[White "Robert Bruce"]
[Black "Uzi Mike"]
[Result "1-0"]
[WhiteCountry "SCO"]
[BlackCountry "USA"]
[WhiteElo "2409"]
[WhiteRD "72"]
[BlackElo "2366"]
[BlackRD "75"]
[GameID "455485"]

1. d4 f5 2. c4 e6 3. g3 Nf6 4. Bg2 Bb4+ 5. Nd2 O-O 6. Nf3 Be7 7. O-O Na6 8. Qc2 b6 9. Ne5 Rb8 10. e4 Nb4
11. Qb3 d6 12. Nd3 Nc6 13. Qc3 e5 14. dxe5 dxe5 15. Nxe5 Nxe5 16. Qxe5 Bd6 17. Qb5 Kh8 18. exf5 Bd7 19. Qb3 Bxf5 20. Nf3 Qd7
21. Be3 Rbe8 22. Rad1 Bg4 23. c5 bxc5 24. Bxc5 Qd8 25. Bxd6 cxd6 26. Rfe1 Qc7 27. h3 Bh5 28. Qb4 a5 29. Rxe8 Nxe8 30. Qa4 Bf7
31. Qf4 Qe7 32. Re1 Qd7 33. Ng5 Nf6 34. Nxf7+ Rxf7 35. Rd1 Ne8 36. Qd2 Rf5 37. a3 h6 38. b4 axb4 39. axb4 Re5 40. Bf1 d5
41. Ra1 Re7 42. Ra8 Kh7 43. b5 Qe6 44. Bd3+ Kg8 45. Kg2 d4 46. Qb4 Qd5+ 47. Kg1 Kf8 48. Ra6 Qe5 49. Kg2 Qc7 50. Re6 Qd7
51. Rxe7 Qxe7 52. Qxd4 Qd6 53. Qe3 Qd5+ 54. Kg1 Nf6 55. b6
1-0

[Event "Big Slow Lazy Tourney -  Dutch Style"]
[Site "SchemingMind.com"]
[Date "2020.05.26"]
[Round "-"]
[White "Mihir Chandrashekhar"]
[Black "Robert Bruce"]
[Result "0-1"]
[WhiteCountry "IND"]
[BlackCountry "SCO"]
[WhiteElo "1717"]
[WhiteRD "66"]
[BlackElo "2407"]
[BlackRD "67"]
[GameID "455486"]

1. d4 f5 2. g4 fxg4 3. Bg2 Nf6 4. e4 d6 5. Bf4 Nc6 6. Nc3 e5 7. dxe5 Nh5 8. Bg3 Nxg3 9. hxg3 Nxe5 10. Qd2 g6
11. O-O-O h5 12. f4 gxf3 13. Nxf3 Bh6
0-1

[Event "Big Slow Lazy Tourney -  Dutch Style"]
[Site "SchemingMind.com"]
[Date "2020.05.25"]
[Round "-"]
[White "Robert Bruce"]
[Black "Randy Bahr"]
[Result "1-0"]
[WhiteCountry "SCO"]
[BlackCountry "USA"]
[WhiteElo "2407"]
[WhiteRD "67"]
[BlackElo "1774"]
[BlackRD "69"]
[GameID "455487"]

1. d4 f5 2. Nc3 Nf6 3. g3 g6 4. Bg2 d5 5. Nf3 Bg7 6. O-O O-O 7. Bf4 c6 8. a4 a5 9. Qc1 Nbd7 10. Qd1 Re8
11. Ne5 Nxe5 12. Bxe5 Nd7 13. Bxg7 Kxg7 14. e3 e5 15. dxe5 Nxe5 16. Ne2 Qf6 17. b3 Rb8 18. Nf4 b6 19. Qd2 Be6 20. Nxe6+ Rxe6
21. Rad1 Qe7 22. c3 Rd8 23. c4 Qb4 24. Qb2 d4 25. exd4 Nxc4 26. Qa1 Qa3 27. Qc3 Nb2 28. d5+ Kh6 29. Qc1+ g5 30. dxe6 Rxd1
31. Rxd1 Qxb3 32. Rd6
1-0

[Event "Big Slow Lazy Tourney -  Dutch Style"]
[Site "SchemingMind.com"]
[Date "2020.05.22"]
[Round "-"]
[White "William Lindberg"]
[Black "AussieMossie"]
[Result "1/2-1/2"]
[WhiteCountry "USA"]
[BlackCountry "AUS"]
[WhiteElo "2447"]
[WhiteRD "63"]
[BlackElo "2516"]
[BlackRD "73"]
[GameID "455491"]

1. d4 f5 2. g3 Nf6 3. Bg2 g6 4. Nf3 Bg7 5. O-O O-O 6. Nc3 c6 7. Bf4 Na6 8. Re1 d6 9. e4 fxe4 10. Nxe4 Nxe4
11. Rxe4 Bf5 12. Re2 Nc7 13. h3 Qd7 14. Kh2 Rae8 15. c4 Ne6 16. Bc1 Qc7 17. d5 Nc5 18. Be3 e5 19. Bxc5 dxc5 20. Ng5 e4
21. Bxe4 Rxe4 22. Rxe4 Bxe4 23. Nxe4 Qe5 24. Qd3 cxd5 25. Qxd5+ Qxd5 26. cxd5 b6 27. Rb1 Rd8 28. d6 Be5 29. b4 cxb4 30. Rxb4 Bxd6
31. Rc4 a5 32. Rc6 Be5 33. Rxb6 Rd4 34. Nf6+ Bxf6 35. Rxf6 Ra4 36. Kg2 Ra3 37. Ra6 Rxa2 38. Ra8+ Kg7=
1/2-1/2

[Event "Big Slow Lazy Tourney -  Dutch Style"]
[Site "SchemingMind.com"]
[Date "2020.05.26"]
[Round "-"]
[White "The Stonewall"]
[Black "William Lindberg"]
[Result "1-0"]
[WhiteCountry "ENG"]
[BlackCountry "USA"]
[WhiteElo "2477"]
[WhiteRD "82"]
[BlackElo "2437"]
[BlackRD "66"]
[GameID "455492"]

1. d4 f5 2. g3 g6 3. h4 d5 4. h5 Bg7 5. Nf3 c6 6. Bf4 Nf6 7. hxg6 hxg6 8. Rxh8+ Bxh8 9. Ne5 Qb6 10. Nxg6 Qxb2
11. Nd2 Bg7 12. e3 Qa3 13. Be2 c5 14. dxc5 Nc6 15. Kf1 Qxc5 16. Kg2 Kf7 17. Bh5 Qc3 18. Nb3 Be6 19. Be5 Nxe5 20. Nxe5+ Kg8
21. Nd4 Bc8 22. Qh1 Qc7 23. Bf7+ Kf8 24. f4 Qc3 25. Re1 Rb8 26. Re2 b5 27. Be6 Rb6 28. Bxf5 Ne4 29. Qh5 Bxe5 30. fxe5 Bxf5
31. Qxf5+ Ke8 32. Qg4 Kd8 33. Qg8+ Kc7 34. Qxd5 Nc5 35. a4 bxa4 36. e6 a6 37. Rf2 Rd6 38. Qg5 Nd7 39. Qxe7 Qa5 40. c4 Qe5
41. c5 Qd5+ 42. Kg1 Qxc5 43. exd7 Qc1+ 44. Rf1 Qxf1+ 45. Kxf1 Rxd7 46. Qc5+ Kb8 47. Qb6+ Kc8 48. Qxa6+ Kd8 49. Ke2 a3 50. Qxa3 Ke8
51. Qa6
1-0

[Event "Big Slow Lazy Tourney -  Dutch Style"]
[Site "SchemingMind.com"]
[Date "2020.05.21"]
[Round "-"]
[White "William Lindberg"]
[Black "Uzi Mike"]
[Result "0-1"]
[WhiteCountry "USA"]
[BlackCountry "USA"]
[WhiteElo "2416"]
[WhiteRD "63"]
[BlackElo "2305"]
[BlackRD "73"]
[GameID "455493"]

1. d4 f5 2. Nf3 Nf6 3. g3 e6 4. Bg2 Nc6 5. O-O d5 6. c4 Be7 7. Ne5 Nxe5 8. cxd5 Ng6 9. dxe6 c6 10. Nc3 Bxe6
11. Bg5 O-O 12. Bxf6 Bxf6 13. d5 cxd5 14. Bxd5 Qb6 15. Na4 Qd6 16. Bxb7 Rad8 17. Qxd6 Rxd6 18. Rfd1 Rxd1+ 19. Rxd1 Bxa2 20. Bd5+ Bxd5
21. Rxd5 Re8 22. Rd2 Re5 23. Kf1 a5 24. Rd6 Rb5 25. Ra6 Ne7 26. e3 h6 27. b3 Nd5 28. Ke2 Nc3+ 29. Kd3 Rxb3 30. Nxc3 Rxc3+
31. Ke2 Rc2+ 32. Kf3 Bc3 33. Ra8+ Kh7 34. Rc8 a4 35. Ra8 Be1 36. e4 Rxf2+ 37. Ke3 fxe4 38. Rxa4 Rxh2 39. g4 h5 40. Rxe4 h4
41. Re5 Kg6 42. Kd3 Rd2+ 43. Kc4 Bf2 44. Kb5 Rd4 45. Re6+ Kg5 46. Re2 Rf4 47. Re7 g6 48. Rh7 Kxg4 49. Kc6 g5 50. Kd6 Kf3
51. Rh6 g4 52. Rh5 g3
0-1

[Event "Big Slow Lazy Tourney -  Dutch Style"]
[Site "SchemingMind.com"]
[Date "2020.05.25"]
[Round "-"]
[White "William Lindberg"]
[Black "Robert Bruce"]
[Result "1/2-1/2"]
[WhiteCountry "USA"]
[BlackCountry "SCO"]
[WhiteElo "2437"]
[WhiteRD "66"]
[BlackElo "2450"]
[BlackRD "66"]
[GameID "455494"]

1. d4 f5 2. e4 fxe4 3. Bg5 Nf6 4. Nc3 g6 5. d5 d6 6. Nge2 Bg7 7. Nf4 Bf5 8. Be2 c6 9. O-O O-O 10. h3 Kh8
11. Qd2 Nxd5 12. Nfxd5 cxd5 13. Nxd5 Nc6 14. Rfd1 Qd7 15. c3 e6 16. Ne3 h6 17. Nxf5 Rxf5 18. Bxh6 d5 19. Bb5 Qc7 20. Bxg7+ Kxg7
21. Bxc6 bxc6 22. Qd4+ Kf7 23. Rac1 Qb6 24. Qd2 c5 25. c4 Kg7 26. g4 Rf3 27. cxd5 e3 28. Qc3+ Kg8 29. Qxc5 Qxb2 30. Qc2 Qg7
31. Qe4 Raf8 32. Rc8 Rxc8 33. Qxf3 exf2+ 34. Kf1 Rc3 35. Qe4 exd5 36. Qxd5+ Kh7 37. h4 Rc7 38. h5 Qf6 39. Qd3 Rf7 40. a4 Qe6
41. Qxg6+ Qxg6 42. hxg6+ Kxg6 43. Rd8 Kg5 44. Rg8+ Kh4 45. g5 Kg3 46. Rb8 Re7 47. Rb3+ Kg4 48. g6 Kf5 49. Rg3 Rg7 50. Kxf2 Rxg6
51. Rxg6 Kxg6 52. Ke3 Kf5 53. Kd4 Ke6 54. Kc5 Kd7 55. a5 Kc8=
1/2-1/2

[Event "Big Slow Lazy Tourney -  Dutch Style"]
[Site "SchemingMind.com"]
[Date "2020.05.26"]
[Round "-"]
[White "Mihir Chandrashekhar"]
[Black "William Lindberg"]
[Result "0-1"]
[WhiteCountry "IND"]
[BlackCountry "USA"]
[WhiteElo "1717"]
[WhiteRD "66"]
[BlackElo "2458"]
[BlackRD "65"]
[GameID "455495"]

1. d4 f5 2. e4 fxe4 3. Nc3 Nf6 4. f3 d5 5. fxe4 dxe4 6. Bg5 Bf5 7. Bxf6 exf6 8. g4 Bg6 9. h4 Bb4 10. h5 Bf7
11. Bb5+ c6 12. Be2 Bxc3+ 13. bxc3 Nd7 14. Nh3 Qc7 15. Qd2 Qg3+ 16. Kd1 O-O-O 17. Kc1 Rhe8
0-1

[Event "Big Slow Lazy Tourney -  Dutch Style"]
[Site "SchemingMind.com"]
[Date "2020.05.21"]
[Round "-"]
[White "William Lindberg"]
[Black "Randy Bahr"]
[Result "1-0"]
[WhiteCountry "USA"]
[BlackCountry "USA"]
[WhiteElo "2443"]
[WhiteRD "62"]
[BlackElo "1729"]
[BlackRD "70"]
[GameID "455496"]

1. d4 f5 2. g3 Nf6 3. Bg2 e6 4. c4 Nc6 5. Nh3 Be7 6. Nc3 b6 7. d5 exd5 8. cxd5 Ne4 9. dxc6 d6 10. Nxe4 fxe4
11. Qb3 d5 12. Nf4 Qd6 13. Nxd5 Bf5 14. Bf4 Qxc6 15. Nxe7 Kxe7 16. Rc1 Qe6 17. Rxc7+ Kf8 18. Qb4+
1-0

[Event "Big Slow Lazy Tourney -  Dutch Style"]
[Site "SchemingMind.com"]
[Date "2020.05.31"]
[Round "-"]
[White "frankly"]
[Black "The Stonewall"]
[Result "1-0"]
[WhiteCountry "ENG"]
[BlackCountry "ENG"]
[WhiteElo "2598"]
[WhiteRD "66"]
[BlackElo "2504"]
[BlackRD "78"]
[GameID "455657"]

1. d4 f5 2. g3 Nf6 3. Bg2 e6 4. c4 Be7 5. Nf3 O-O 6. O-O d6 7. Nc3 Qe8 8. b4 e5 9. dxe5 dxe5 10. Nxe5 Bxb4
11. Nd5 Bd6 12. Nd3 Nxd5 13. Bxd5+ Kh8 14. c5 Be7 15. Rb1 c6 16. Bg2 Nd7 17. Qc2 Nf6 18. Rd1 Qf7 19. Be3 Ng4 20. Bf4 Qe6
21. a4 Re8 22. a5 a6 23. e3 Nf6 24. h4 Ng4 25. Bf3 Qf7 26. Bd6 Bf6 27. Nf4 Ne5 28. Be2 g6 29. Qa4 Ra7 30. Kg2 Ra8
31. Rd4 Qg7 32. Nd5 Bd8 33. Rdd1 Ng4 34. Nf4 Bf6 35. Bc4 Re4 36. Qa2 Nh6 37. f3 Re8 38. Rd3 Ra7 39. Rbd1 Ra8 40. Nh3 Ra7
41. Ng5 Ra8 42. Qb3 Ra7 43. Bf4 Ra8 44. Rd6 Qe7 45. Rxf6 Qxf6 46. h5
1-0

[Event "Big Slow Lazy Tourney -  Dutch Style"]
[Site "SchemingMind.com"]
[Date "2020.05.28"]
[Round "-"]
[White "Uzi Mike"]
[Black "frankly"]
[Result "0-1"]
[WhiteCountry "USA"]
[BlackCountry "ENG"]
[WhiteElo "2343"]
[WhiteRD "76"]
[BlackElo "2598"]
[BlackRD "66"]
[GameID "455658"]

1. d4 f5 2. Bf4 Nf6 3. e3 g6 4. Nf3 Bg7 5. Bc4 e6 6. O-O O-O 7. Nc3 d6 8. Bb3 h6 9. a4 Nc6 10. Bg3 Qe8
11. Qd3 Kh8 12. e4 g5 13. e5 Nd5 14. h3 f4 15. Bh2 Ndb4 16. Qe2 Na5 17. Bc4 d5 18. Bd3 a6 19. Qd2 Nxd3 20. Qxd3 Bd7
21. Rfe1 b6 22. b3 c5 23. Ne2 Kg8 24. Qd2 Qd8 25. Qd3 Be8 26. Rac1 Bh5 27. Kh1 Nc6 28. c3 Qe8 29. h4 Bg4 30. hxg5 hxg5
31. Nxg5 Qh5 32. Nf3 Rf7 33. Rg1= Bh6 34. Rb1 Rh7 35. Rgd1 Bf5 36. Qd2 Be4 37. Neg1 Kh8 38. Qe1 Rg8 39. Qf1 Bf8 40. Rb2 cxd4
41. cxd4 Ne7 42. b4 Nf5
0-1

[Event "Big Slow Lazy Tourney -  Dutch Style"]
[Site "SchemingMind.com"]
[Date "2020.05.30"]
[Round "-"]
[White "frankly"]
[Black "AussieMossie"]
[Result "1-0"]
[WhiteCountry "ENG"]
[BlackCountry "AUS"]
[WhiteElo "2618"]
[WhiteRD "69"]
[BlackElo "2577"]
[BlackRD "74"]
[GameID "455659"]

1. d4 f5 2. g3 Nf6 3. Bg2 e6 4. c4 Bb4+ 5. Nd2 O-O 6. Nf3 Be7 7. O-O c5 8. Nb3 Na6 9. Bf4 Qb6 10. a4 d6
11. a5 Qc7 12. Nxc5 Nxc5 13. dxc5 Qxc5 14. Qb3 a6 15. Be3 Qc7 16. Nd2 Kh8 17. Qb6 Qb8 18. Rfd1 e5 19. Nb1 f4 20. gxf4 Nd7
21. Qb4 exf4 22. Bd4 Nc5 23. Nc3 Bg4 24. Bxc5 dxc5 25. Qxb7 Qxb7 26. Bxb7 Ra7 27. Bf3 Be6 28. Bd5 Bg4 29. Kg2 g6 30. h3 Bf5
31. Be4 Be6 32. Nd5 Re8 33. Nb6 Kg7 34. Rd2 Bg5 35. Bf3 Bf5 36. Rd6 Bf6 37. Na4 Re5 38. Rc1 Bd7 39. Nb6 Rg5+ 40. Kh2 Be8
41. b3 Bd4 42. h4 Rf5 43. Kg2 Rf6 44. Rd8 Rf8 45. Rd5 Bf7 46. Rd6 Bg8 47. Rd1 Rf6 48. Rxf6 Bxf6 49. Rd6 Bc3 50. Bd5 Bxa5
51. Bxg8 Bxb6 52. Rxb6 Kxg8 53. Kf3 a5 54. Rb5 a4 55. bxa4 Rxa4 56. Rxc5 Ra2 57. Re5 Kg7 58. c5
1-0

[Event "Big Slow Lazy Tourney -  Dutch Style"]
[Site "SchemingMind.com"]
[Date "2020.05.31"]
[Round "-"]
[White "Robert Bruce"]
[Black "frankly"]
[Result "1/2-1/2"]
[WhiteCountry "SCO"]
[BlackCountry "ENG"]
[WhiteElo "2450"]
[WhiteRD "66"]
[BlackElo "2578"]
[BlackRD "65"]
[GameID "455660"]

1. d4 f5 2. e4 fxe4 3. Nc3 Nf6 4. Bg5 g6 5. f3 d5 6. fxe4 Nxe4 7. Nxe4 dxe4 8. Bc4 Nc6 9. Ne2 Na5 10. Bb3 Nxb3
11. axb3 Bg7 12. O-O Bf5 13. c3 h6 14. Bf4 h5 15. h3 c6 16. Qe1 Bf6 17. b4 h4 18. Be5 Qd7 19. Qf2 Kf7 20. Ra5 b6
21. Ra6 Qe6 22. Nf4 Qd7 23. Ne2 Kg8 24. Bxf6 exf6 25. c4 Qe7 26. c5 Re8 27. Qf4 Bc8 28. Ra3 Kg7 29. Rfa1 a6 30. cxb6 Qxb4
31. Qc7+ Re7 32. Ra4 Rxc7 33. Rxb4 Re7 34. Nc1 Rd8 35. Kf1 Bb7 36. Nb3 f5 37. Rc1 Kf6 38. Nc5 Rd6 39. Ra1 Kg5 40. Ke2 Kf4
41. Rf1+ Kg5 42. Ra1=
1/2-1/2